Кварковая модель строения материи; Современное состояние и проблемы естественных наук

Detaylı Bibliyografya
Parent link:Современное состояние и проблемы естественных наук.— 2014.— [С. 86-88]
Yazar: Теслева Е. П. Елена Павловна
Müşterek Yazar: Национальный исследовательский Томский политехнический университет (ТПУ) Юргинский технологический институт (филиал) (ЮТИ) Кафедра естественного научного образования (ЕНО)
Diğer Yazarlar: Гринченкова Н. С.
Özet:Заглавие с титульного экрана
Dil:Rusça
Baskı/Yayın Bilgisi: 2014
Seri Bilgileri:Актуальные проблемы физики
Konular:
Online Erişim:http://www.lib.tpu.ru/fulltext/c/2014/C68/027.pdf
Materyal Türü: MixedMaterials Elektronik Kitap Bölümü
KOHA link:https://koha.lib.tpu.ru/cgi-bin/koha/opac-detail.pl?biblionumber=605991

MARC

LEADER 00000naa2a2200000 4500
001 605991
005 20231101132400.0
035 |a (RuTPU)RU\TPU\conf\3354 
035 |a RU\TPU\conf\3353 
090 |a 605991 
100 |a 20140513d2014 k y0rusy50 ca 
101 0 |a rus 
102 |a RU 
105 |a y z 101zy 
135 |a drcn ---uucaa 
181 0 |a i  
182 0 |a b 
200 1 |a Кварковая модель строения материи  |f Е. П. Теслева, Н. С. Гринченкова 
203 |a Текст  |c электронный 
225 1 |a Актуальные проблемы физики 
230 |a 1 компьютерный файл (pdf; 283 Кб) 
300 |a Заглавие с титульного экрана 
320 |a [Библиогр.: с. 88 (4 назв.)] 
337 |a Adobe Reader 
463 0 |0 (RuTPU)RU\TPU\conf\3116  |t Современное состояние и проблемы естественных наук  |o сборник трудов Всероссийской научно-практической конференции молодых ученых, аспирантов и студентов, г. Юрга, 17-18 апреля 2014 г.  |f Национальный исследовательский Томский политехнический университет (ТПУ), Юргинский технологический институт (филиал) (ЮТИ), Кафедра естественного научного образования (ЕНО) ; под ред. Е. В. Полицинского и др.  |v [С. 86-88]  |d 2014 
610 1 |a труды учёных ТПУ 
610 1 |a электронный ресурс 
610 1 |a кварковые модели 
610 1 |a строение 
610 1 |a материя 
610 1 |a кварки 
700 1 |a Теслева  |b Е. П.  |c физик  |c доцент Юргинского технологического института (филиал) Томского политехнического университета, кандидат физико-математических наук  |f 1976-  |g Елена Павловна  |2 stltpush  |3 (RuTPU)RU\TPU\pers\25111 
701 1 |a Гринченкова  |b Н. С. 
712 0 2 |a Национальный исследовательский Томский политехнический университет (ТПУ)  |b Юргинский технологический институт (филиал) (ЮТИ)  |b Кафедра естественного научного образования (ЕНО)  |h 7134  |2 stltpush  |3 (RuTPU)RU\TPU\col\18894 
801 2 |a RU  |b 63413507  |c 20140513  |g RCR 
856 4 |u http://www.lib.tpu.ru/fulltext/c/2014/C68/027.pdf 
942 |c BK